MARC details
| 000 -CABECERA |
| campo de control de longitud fija |
01764nam a2200349Ia 4500 |
| 001 - NÚMERO DE CONTROL |
| campo de control |
dia_2444 |
| 003 - IDENTIFICADOR DEL NÚMERO DE CONTROL |
| campo de control |
CHAP |
| 005 - FECHA Y HORA DE LA ÚLTIMA TRANSACCIÓN |
| campo de control |
20240222090433.0 |
| 007 - CAMPO FIJO DE DESCRIPCIÓN FÍSICA--INFORMACIÓN GENERAL |
| campo de control de longitud fija |
ta |
| 008 - DATOS DE LONGITUD FIJA--INFORMACIÓN GENERAL |
| campo de control de longitud fija |
220117s2002 mx a f 001 0 spa d |
| 040 ## - FUENTE DE LA CATALOGACIÓN |
| Centro/agencia transcriptor |
CHAP |
| Centro catalogador/agencia de origen |
mxchpua |
| 090 ## - LOCALMENTE ASIGNADO TIPO-LC NÚMERO DE CLASIFICACIÓN (OCLC); NÚMERO DE CLASIFICACIÓN LOCAL (RLIN) |
| Número de clasificación (OCLC) (R) ; Numero de clasificación, CALL (RLIN) (NR) |
T.C.340 |
| Número cutter local (OCLC) ; Número de libro/Signatura topográfica íntegra, CALL (RLIN) |
P66 IAI |
| Año |
2002 |
| 245 10 - MENCIÓN DE TÍTULO |
| Título |
Reporte final del viaje de estudios región Huasteca Tamaulipeca / |
| Mención de responsabilidad, etc. |
coordinador Pedro Ponce Hernández ; colaboradores Miriam Hernández Vázquez...[et al.] |
| 260 ## - PUBLICACIÓN, DISTRIBUCIÓN, ETC. |
| Lugar de publicación, distribución, etc. |
México : |
| Nombre del editor, distribuidor, etc. |
El autor, |
| Fecha de publicación, distribución, etc. |
2002 |
| 300 ## - DESCRIPCIÓN FÍSICA |
| Extensión |
24 hojas : |
| Otras características físicas |
ilustraciones, tablas, diagramas |
| 336 ## - TIPO DE CONTENIDO |
| Fuente |
rdacontent |
| Término de tipo de contenido |
texto |
| Código de tipo de contenido |
txt |
| 337 ## - TIPO DE MEDIO |
| Fuente |
rdamedia |
| Nombre/término del tipo de medio |
sin medio |
| Código del tipo de medio |
n |
| 338 ## - TIPO DE SOPORTE |
| Fuente |
rdacarrier |
| Nombre/término del tipo de soporte |
volumen |
| Código del tipo de soporte |
nc |
| 500 ## - NOTA GENERAL |
| Nota general |
Grado 5° Grupo 3 |
| 502 ## - NOTA DE TESIS |
| Nota de tesis |
Viaje de Estudios |
| Tipo de título |
(IAI) -- |
| Nombre de la institución que otorga el título |
UACh. Departamento de Ingeniería Agroindustrial, |
| Año de obtención del título |
2002 |
| 505 ## - NOTA DE CONTENIDO CON FORMATO |
| Nota de contenido con formato |
<br/> |
| Título |
Empresas visitadas : --<br/>1.Ingenio Mante, S. A. de C. V. --<br/>2.Rastro tipo Inspección Federal No. 195 de la SAGARPA, municipio de Aldama -- <br/>3.Alimentos y corrales de Aldama S. P. R. del R. P. --<br/>4.INIFAP -- <br/>5.Sociedad de Producción Rural AUZA, Altamira, Tamaulipas -- <br/>6.Impulsora de Pescados y Mariscos, S. A de C. V. -- <br/>7.Acuacultura Tecnificada de Tamaulipas, S. A. de C. V. --<br/>8.Empacadora de cítricos Citro-Sel, S. A. de C. V. --<br/>9.Grupo Industrial Santa Engracia |
| 650 13 - PUNTO DE ACCESO ADICIONAL DE MATERIA--TÉRMINO DE MATERIA |
| Término de materia o nombre geográfico como elemento de entrada |
Industria de los alimentos |
| 9 (RLIN) |
152869 |
| Subdivisión geográfica |
México |
| -- |
Tamaulipas |
| 650 13 - PUNTO DE ACCESO ADICIONAL DE MATERIA--TÉRMINO DE MATERIA |
| Término de materia o nombre geográfico como elemento de entrada |
Food industry |
| 9 (RLIN) |
152868 |
| Subdivisión geográfica |
Mexico |
| -- |
Tamaulipas |
| 700 1# - PUNTO DE ACCESO ADICIONAL--NOMBRE DE PERSONA |
| Nombre de persona |
Ponce Hernández, Pedro |
| 9 (RLIN) |
147918 |
| Término indicativo de función/relación |
coordinador |
| 700 1# - PUNTO DE ACCESO ADICIONAL--NOMBRE DE PERSONA |
| Nombre de persona |
Hernández Vázquez, Miriam de los Angeles |
| 9 (RLIN) |
54750 |
| Término indicativo de función/relación |
colaboradora |
| 942 ## - ELEMENTOS DE PUNTO DE ACCESO ADICIONAL (KOHA) |
| Fuente del sistema de clasificación o colocación |
Clasificación Universidad Autónoma de Chapingo |
| 901 ## - ELEMENTOS DE DATOS A LOCAL LDA (RLIN) |
| a |
T.C.340 P66 IAI 2002 |
| 902 ## - ELEMENTOS DE DATOS B LOCAL, LDB (RLIN) |
| a |
M |
| 905 ## - ELEMENTOS DE DATOS E LOCAL, LDE (RLIN) |
| a |
5232272002 mx in 8223123322spa16 |
| 942 ## - ELEMENTOS DE PUNTO DE ACCESO ADICIONAL (KOHA) |
| Tipo de ítem Koha |
Viaje de Estudios |